[Event "AUTO-ADV-514"]
[Site "http://www.queenalice.com/game.php?id=314842"]
[Date "2007.12.4"]
[Round "2"]
[White "Nabor"]
[Black "edgar_elka"]
[Result "0-1"]
[WhiteElo "2143"]
[BlackElo "2181"]

1. e4 e5 2. Nf3 Nc6 3. Bb5 Nd4 4. Nxd4 exd4 5. O-O Ne7 6. c3 c6 7. Be2 d5 8.
exd5 Nxd5 9. c4 Nf4 10. d3 Bd6 11. Bxf4 Bxf4 12. Nd2 O-O 13. Nf3 Re8 14. Re1 Qf6
15. c5 Bg4 16. h3 Be6 17. a3 b6 18. cxb6 axb6 19. Bf1 Bd5 20. Rxe8+ Rxe8 21. b4
Bc7 22. Be2 c5 23. bxc5 bxc5 24. Rc1 Bf4 25. Rxc5 Bxf3 26. Bxf3 Qe7 0-1

[Event "QA-ANNIV-03"]
[Site "http://www.queenalice.com/game.php?id=316095"]
[Date "2007.12.6"]
[Round "4"]
[White "edgar_elka"]
[Black "danilopsv"]
[Result "1-0"]
[WhiteElo "2208"]
[BlackElo "1996"]

1. e4 e5 2. Nf3 Nc6 3. d3 Nf6 4. g3 d5 5. exd5 Nxd5 6. Bg2 Bg4 7. h3 Bh5 8. O-O
f6 9. c3 Qd7 10. Nxe5 Nxe5 11. Qxh5+ g6 12. Qd1 O-O-O 13. d4 Nb6 14. a4 a5 15.
Nd2 Nec4 16. Qf3 c6 17. Qxf6 Bg7 18. Nxc4 Nxc4 19. Qg5 Rhf8 20. Qc5 Qf7 21. Bf4
1-0

[Event "Challenge"]
[Site "http://www.queenalice.com/game.php?id=334990"]
[Date "2008.1.11"]
[Round "-"]
[White "edgar_elka"]
[Black "leonard99"]
[Result "1-0"]
[WhiteElo "2214"]
[BlackElo "1100"]

1. e4 e5 2. Nf3 Nc6 3. d4 Bb4+ 4. c3 Bd6 5. Be2 Nf6 6. dxe5 Nxe5 7. Nxe5 Bxe5 8.
f4 Bxf4 9. Bxf4 Nxe4 10. Qd4 f5 11. Qxg7 Rf8 12. Bh5+ Rf7 13. Qxf7# 1-0

[Event "AUTO-OPEN-794"]
[Site "http://www.queenalice.com/game.php?id=344220"]
[Date "2008.1.28"]
[Round "2"]
[White "Sinergia"]
[Black "edgar_elka"]
[Result "1-0"]
[WhiteElo "1931"]
[BlackElo "2230"]

1. Nf3 Nc6 2. g3 e5 3. d3 d5 4. c3 Nf6 5. Bg5 h6 6. Bxf6 Qxf6 7. Bg2 Bf5 8. O-O
O-O-O 9. Na3 e4 10. Nh4 Bd7 11. dxe4 dxe4 12. Bxe4 Bxa3 13. bxa3 Bh3 14. Qa4
Bxf1 15. Bxc6 Qxc6 16. Qxc6 bxc6 17. Kxf1 Rd5 18. Nf3 Ra5 19. Nd4 Rxa3 20. Nxc6
Re8 21. c4 Rxe2 22. Kxe2 Kd7 23. Ne5+ Ke7 24. Nc6+ Kd7 25. Nb4 Ra4 26. a3 c5 27.
Nd3 Kc7 28. Nb2 Ra6 29. Kf1 Rb6 30. Na4 Rb3 31. Nxc5 Rc3 32. Re1 Rxa3 33. Ne4 a5
34. Re3 Rxe3 35. fxe3 Kc6 36. Ke2 f5 37. Nd2 Kc5 38. Nb3+ Kxc4 39. Nxa5+ Kd5 40.
h4 g6 41. Kf3 Ke6 42. Nc6 Kd6 43. Kf4 Kxc6 44. Ke5 Kd7 45. Kf6 1-0

[Event "AUTO-OPEN-794"]
[Site "http://www.queenalice.com/game.php?id=344221"]
[Date "2008.1.28"]
[Round "2"]
[White "edgar_elka"]
[Black "Sinergia"]
[Result "1-0"]
[WhiteElo "2224"]
[BlackElo "1895"]

1. e4 d5 2. exd5 Nf6 3. Bb5+ Bd7 4. Bc4 c6 5. dxc6 Bxc6 6. Nf3 e6 7. d4 Be7 8.
O-O Nbd7 9. Nc3 O-O 10. Bf4 Nh5 11. Be3 Nhf6 12. Ne5 Nxe5 13. dxe5 Nd5 14. Nxd5
Bxd5 15. Bxd5 Qxd5 16. Qxd5 exd5 17. c3 b6 18. Rad1 Bc5 19. Bxc5 bxc5 20. Rxd5
Rac8 21. Rfd1 Rfe8 22. f4 Kf8 23. c4 f6 24. Kf2 Re7 25. exf6 gxf6 26. b3 a5 27.
Rd8+ Rxd8 28. Rxd8+ 1-0

[Event "AUTO-OPEN-794"]
[Site "http://www.queenalice.com/game.php?id=344226"]
[Date "2008.1.28"]
[Round "2"]
[White "edgar_elka"]
[Black "dwright"]
[Result "1-0"]
[WhiteElo "2226"]
[BlackElo "2002"]

1. e4 c5 2. Bc4 e6 3. Nc3 Nc6 4. Nf3 a6 5. a4 Nf6 6. d3 d5 7. Bb3 dxe4 8. Nxe4
Nd5 9. Bg5 Be7 10. Bxe7 Qxe7 11. O-O O-O 12. d4 cxd4 13. Nxd4 Bd7 14. Nf3 Rad8
15. Re1 Bc8 16. Qd2 Rd7 17. a5 Rfd8 18. c3 Ndb4 19. Qe3 Nd3 20. Re2 Nde5 21.
Nxe5 Nxe5 22. Ng5 Ng4 23. Qf4 Nf6 24. Rae1 Rd6 25. Nf3 b5 26. axb6 Rxb6 27. Ba2
Bb7 28. Nd4 Nd5 29. Qg3 Qf6 30. Bxd5 Bxd5 31. b4 Rbd6 32. Re5 Kh8 33. f4 g6 34.
Qf2 Rc8 35. R5e3 Qg7 36. f5 Re8 37. Qg3 Rb6 38. Qc7 gxf5 39. Rg3 Rb7 40. Qd6 Qf8
41. Nxf5 1-0

[Event "AUTO-OPEN-794"]
[Site "http://www.queenalice.com/game.php?id=344227"]
[Date "2008.1.28"]
[Round "2"]
[White "dwright"]
[Black "edgar_elka"]
[Result "0-1"]
[WhiteElo "2027"]
[BlackElo "2246"]

1. e4 e5 2. f4 exf4 3. Bc4 Qh4+ 4. Kf1 g5 5. Nf3 Qh5 6. d4 Nc6 7. Nc3 Bg7 8. Be2
Qg6 9. Nb5 Kd8 10. Bd3 a6 11. e5 Qh5 12. Nc3 d6 13. h3 Nge7 14. exd6 cxd6 15.
Be2 Qg6 16. d5 Nb4 17. Bd3 Bf5 18. Ne1 Re8 19. Kf2 Bd4+ 20. Kf3 Qh5+ 21. g4
Bxg4+ 0-1

[Event "AUTO-MASTER-380"]
[Site "http://www.queenalice.com/game.php?id=348186"]
[Date "2008.2.4"]
[Round "2"]
[White "Whitecharger"]
[Black "edgar_elka"]
[Result "1-0"]
[WhiteElo "2204"]
[BlackElo "2237"]

1. d4 Nc6 2. Bg5 d5 3. Nf3 f6 4. Bd2 e5 5. e3 e4 6. Ng1 Be6 7. Nh3 Bd6 8. c4
dxc4 9. Nc3 Nge7 10. Nxe4 O-O 11. Qa4 b5 12. Qxb5 Rb8 13. Qa4 Bb4 14. Nf4 Bf7
15. Rd1 Qe8 16. a3 Na5 17. Qxe8 Bxd2+ 18. Rxd2 Rfxe8 19. Nc5 Nb3 20. Nxb3 Rxb3
21. Rc2 c6 22. Bxc4 Bxc4 23. Rxc4 Rxb2 24. O-O Reb8 25. Ra4 Nc8 26. Nd3 Rc2 27.
g3 Rc3 28. Rd1 Rb7 29. Nb4 c5 30. Nd5 Rc2 31. dxc5 Rxc5 32. Nb4 Nb6 33. Ra6 Kf7
34. Kg2 f5 35. Rd4 Rbc7 36. a4 Ke8 37. Kf3 g6 38. h3 Rf7 39. Kf4 Rc4 40. Kg5 Rc5
41. Nd3 Rcc7 42. h4 Rfd7 43. a5 Nc4 44. Rxc4 Rxc4 45. Ne5 Rcc7 46. Nxd7 Rxd7 47.
h5 gxh5 48. Kxf5 Rf7+ 49. Rf6 Rg7 50. e4 Rc7 51. Kg5 Rc4 52. Kxh5 Rxe4 53. f4
Rc4 54. Kh6 Rc5 55. Re6+ Kf8 56. Re5 Rc7 57. Rb5 Rd7 58. Rb8+ Kf7 59. g4 Rd4 60.
g5 Rxf4 61. Rb7+ Ke6 62. Rxh7 a6 63. Ra7 Rh4+ 64. Kg7 1-0

[Event "AUTO-MASTER-380"]
[Site "http://www.queenalice.com/game.php?id=348187"]
[Date "2008.2.4"]
[Round "2"]
[White "edgar_elka"]
[Black "Whitecharger"]
[Result "0-1"]
[WhiteElo "2251"]
[BlackElo "2190"]

1. e4 e6 2. e5 c5 3. Nf3 d5 4. exd6 Nc6 5. d4 Qxd6 6. Nc3 Nxd4 7. Nb5 Nxb5 8.
Bxb5+ Bd7 9. Bxd7+ Qxd7 10. Qxd7+ Kxd7 11. Bf4 Nf6 12. Rd1+ Ke8 13. O-O Nd5 14.
Bg3 Be7 15. c4 Nb4 16. a3 Nc6 17. b3 Bf6 18. Bd6 b6 19. Bc7 Nd4 20. Nxd4 cxd4
21. f4 Rc8 22. Be5 Rd8 23. Rd3 Be7 24. Bxd4 Bxa3 25. Kf2 Bc5 26. Ke3 Rxd4 27.
Rxd4 a5 28. g3 Ke7 29. Ke4 Bxd4 30. Kxd4 Rd8+ 31. Kc3 Kd6 32. Rd1+ Kc7 33. Re1
h5 34. h3 Kc6 35. Re5 g6 36. Re1 h4 37. g4 Rd6 38. g5 Rd7 39. Rg1 Kc5 40. Re1
Rd6 41. Re5+ Kc6 42. Re1 b5 43. Re5 b4+ 44. Kc2 Rd4 45. Rxa5 Rxf4 46. Rb5 Rf2+
47. Kd1 Rg2 48. Rxb4 Rxg5 49. Rb8 Rg3 50. b4 Rxh3 51. Kc2 Rf3 52. b5+ Kc7 53.
Rh8 h3 54. Kd2 g5 55. c5 Rb3 56. b6+ Kc6 57. Kc2 Rb4 58. Kc3 Rb5 59. Rxh3 Rxc5+
60. Kd2 Kxb6 61. Rg3 f6 0-1

[Event "AUTO-MASTER-380"]
[Site "http://www.queenalice.com/game.php?id=348190"]
[Date "2008.2.4"]
[Round "2"]
[White "edgar_elka"]
[Black "bruno_borges"]
[Result "1-0"]
[WhiteElo "2215"]
[BlackElo "2001"]

1. e4 e5 2. Nf3 Nc6 3. d4 exd4 4. Nxd4 Bc5 5. Be3 Qf6 6. c3 Qg6 7. Nb5 Bxe3 8.
Nxc7+ Kd8 9. Nxa8 Bf4 10. Qf3 Bh6 11. Nd2 Ne5 12. Qg3 Qd6 13. Nc4 Nxc4 14. Bxc4
Bd2+ 15. Ke2 Qxg3 16. hxg3 Bg5 17. Bxf7 d6 18. Bxg8 Rxg8 19. Rxh7 Bh6 20. f3 Ke7
21. Nc7 Kf7 22. Rd1 Rd8 23. Nb5 Kg6 24. Rxd6+ 1-0

[Event "AUTO-MASTER-380"]
[Site "http://www.queenalice.com/game.php?id=348191"]
[Date "2008.2.4"]
[Round "2"]
[White "bruno_borges"]
[Black "edgar_elka"]
[Result "0-1"]
[WhiteElo "1994"]
[BlackElo "2221"]

1. e4 e5 2. Nf3 d6 3. d4 exd4 4. Nxd4 g6 5. Bc4 Bg7 6. O-O Nf6 7. Bg5 h6 8. Bh4
O-O 9. Nc3 Nbd7 10. f4 c6 11. Nb3 b5 12. Be2 b4 13. Nb1 g5 14. fxg5 hxg5 15.
Bxg5 Qb6+ 16. Kh1 Nxe4 17. Bh4 Bxb2 18. Bd3 Bxa1 19. Bxe4 Bg7 20. Qh5 f5 21.
Rxf5 Rxf5 22. Bxf5 Nf8 23. Bd3 Ba6 24. Bf5 Qe3 25. h3 Be2 26. Qg5 Qxg5 27. Bxg5
Bh5 28. Be4 Re8 29. N1d2 d5 30. Bd3 Re1+ 31. Bf1 Ne6 32. Bh4 Rd1 0-1

[Event "Challenge"]
[Site "http://www.queenalice.com/game.php?id=379169"]
[Date "2008.3.29"]
[Round "-"]
[White "ZUMBI"]
[Black "edgar_elka"]
[Result "0-1"]
[WhiteElo "1675"]
[BlackElo "2231"]

1. e4 e5 2. Nf3 d6 3. Nc3 Nc6 4. Bb5 Ne7 5. d4 a6 6. Bc4 b5 7. Ng5 bxc4 8. Qh5
Ng6 9. Nd5 Nxd4 10. O-O Nxc2 11. Rb1 c6 12. Nc3 Be7 13. h4 h6 14. Nxf7 Kxf7 15.
Qf3+ Kg8 16. h5 Nd4 17. Qg3 Nf8 18. a4 Bh4 19. Qe3 Bg4 20. f4 Nc2 21. Qd2 Bg3
22. Qxc2 Qh4 23. Rf2 Qh2+ 24. Kf1 Qh1# 0-1

[Event "Challenge"]
[Site "http://www.queenalice.com/game.php?id=379170"]
[Date "2008.3.29"]
[Round "-"]
[White "edgar_elka"]
[Black "ZUMBI"]
[Result "1-0"]
[WhiteElo "2232"]
[BlackElo "1673"]

1. e4 e5 2. Nc3 Nf6 3. g3 d5 4. exd5 Nxd5 5. Nge2 Bg4 6. Bg2 c6 7. Nxd5 cxd5 8.
h3 Bh5 9. d4 Nc6 10. dxe5 Nxe5 11. g4 Bg6 12. f4 Nc6 13. f5 Qh4+ 14. Kf1 Bc5 15.
Qe1 Qe7 16. fxg6 Qf6+ 17. Nf4+ Ne7 18. gxf7+ Qxf7 19. Bxd5 Qf6 20. Kg2 Kf8 21.
Ne6+ Ke8 22. Nxc5 Rc8 23. Rf1 Qd4 24. Bf7+ Kf8 25. Ne6# 1-0

[Event "QA-ANNIV-03"]
[Site "http://www.queenalice.com/game.php?id=385519"]
[Date "2008.4.10"]
[Round "6"]
[White "edgar_elka"]
[Black "bmax1968"]
[Result "1-0"]
[WhiteElo "2222"]
[BlackElo "2074"]

1. e4 d6 2. Nc3 Nf6 3. f4 g6 4. Nf3 Bg7 5. g3 O-O 6. Bg2 Nc6 7. d3 e5 8. O-O
exf4 9. Bxf4 Ng4 10. d4 b6 11. h3 Nf6 12. e5 dxe5 13. Nxe5 Qxd4+ 14. Qxd4 Nxd4
15. Bxa8 Bxh3 16. Bg2 Bf5 17. Nc6 Nxc6 18. Bxc6 Nh5 19. Rae1 Bxc2 20. Bxc7 Bd4+
21. Kh2 Bd3 22. Rf3 Bxc3 23. bxc3 Bf5 24. Re7 1-0

[Event "AUTO-OPEN-794"]
[Site "http://www.queenalice.com/game.php?id=406511"]
[Date "2008.5.22"]
[Round "3"]
[White "edgar_elka"]
[Black "Sinergia"]
[Result "1-0"]
[WhiteElo "2209"]
[BlackElo "1956"]

1. e4 d6 2. Nc3 e5 3. Nf3 Nf6 4. d4 Nbd7 5. Bc4 h6 6. O-O Be7 7. Be3 O-O 8. a4
a6 9. a5 exd4 10. Qxd4 Ng4 11. Bf4 Bf6 12. Qd2 Be5 13. Nxe5 Ngxe5 14. Be2 Nf6
15. Rfd1 Be6 16. Qe3 Nfg4 17. Qg3 g5 18. Bd2 Nf6 19. f4 1-0

[Event "AUTO-OPEN-794"]
[Site "http://www.queenalice.com/game.php?id=406512"]
[Date "2008.5.22"]
[Round "3"]
[White "Sinergia"]
[Black "edgar_elka"]
[Result "0-1"]
[WhiteElo "1950"]
[BlackElo "2213"]

1. d4 c6 2. c4 d5 3. Nc3 dxc4 4. a4 e5 5. e3 exd4 6. Qxd4 Qxd4 7. exd4 Be6 8.
Be3 Bb4 9. Nf3 Nd7 10. Nd2 Nb6 11. a5 Nd5 12. Bxc4 Ngf6 13. Nxd5 Nxd5 14. Bxd5
Bxd5 15. O-O O-O 16. Ra4 Be7 17. Nc4 Rfe8 18. Ne5 Bd6 19. Nc4 Bf8 20. Ne5 Rad8
21. Raa1 c5 22. Rad1 cxd4 23. Bxd4 Bb3 24. Rd3 Rxe5 0-1

[Event "AUTO-OPEN-794"]
[Site "http://www.queenalice.com/game.php?id=406513"]
[Date "2008.5.22"]
[Round "3"]
[White "edgar_elka"]
[Black "aknightout"]
[Result "1-0"]
[WhiteElo "2198"]
[BlackElo "2012"]

1. e4 e5 2. d3 Nf6 3. Nf3 d6 4. Nc3 g6 5. Be2 Bg7 6. d4 Nbd7 7. dxe5 dxe5 8. O-O
O-O 9. Be3 Ng4 10. Bg5 f6 11. Bc4+ Kh8 12. Bd2 Nh6 13. Qe2 c6 14. a4 Qb6 15. a5
Qc7 16. b4 Rd8 17. Be3 Nf8 18. Rfd1 Bg4 19. Rxd8 Rxd8 20. Bxa7 Qc8 21. Bb6 Re8
22. h3 Bh5 23. a6 bxa6 24. Rxa6 Ne6 25. Qe3 Nf7 26. Bxe6 Rxe6 27. Ra7 Bh6 28.
Qd3 g5 29. Rc7 Qe8 30. Qa6 Kg7 31. g4 Bg6 32. Rc8 Qd7 33. Qa8 Re8 34. Rxe8 Nd6
35. Rd8 1-0

[Event "AUTO-OPEN-794"]
[Site "http://www.queenalice.com/game.php?id=406514"]
[Date "2008.5.22"]
[Round "3"]
[White "aknightout"]
[Black "edgar_elka"]
[Result "0-1"]
[WhiteElo "2026"]
[BlackElo "2204"]

1. e4 e5 2. Nf3 Qe7 3. g3 Nc6 4. d3 Nf6 5. Bg2 d5 6. Nbd2 dxe4 7. dxe4 Be6 8.
Ng5 Bg4 9. Bf3 Qd7 10. Bxg4 Nxg4 11. c3 Be7 12. Ngf3 f5 13. Qc2 fxe4 14. Qxe4
O-O-O 15. O-O Nf6 16. Qe2 Qf5 17. Kg2 e4 18. Nh4 Qd5 19. f3 exf3+ 20. Qxf3 Rhe8
21. Qxd5 Nxd5 22. Ndf3 Bf6 23. Kf2 Ne5 24. Nf5 Nd3+ 25. Kg1 g6 26. N5d4 c5 27.
Nb3 Rd6 28. Bg5 Bg7 29. Nfd2 h6 30. Nc4 Rd7 31. Bd2 Re4 32. Na3 c4 33. Nd4 Nxb2
34. Rab1 Na4 35. Nxc4 Naxc3 36. Bxc3 Nxc3 37. Nb5 Nxb5 38. Rfc1 Nc3 39. Rxc3
Bxc3 0-1

[Event "QA-ANNIV-03"]
[Site "http://www.queenalice.com/game.php?id=525039"]
[Date "2009.1.18"]
[Round "10"]
[White "edgar_elka"]
[Black "ichtus"]
[Result "0-1"]
[WhiteElo "2211"]
[BlackElo "2157"]

1. e4 c5 2. c4 Nc6 3. g3 d6 4. Nf3 g6 5. d4 Bg7 6. d5 Ne5 7. Nxe5 Bxe5 8. Nc3
Bxc3+ 9. bxc3 Qa5 10. Bd2 Nf6 0-1